00785 a2200229 4500003000700000005001700007008004100024020001800065040003300083050001600116100002500132245010300157260006000260300003500320336002800355337003000383338002700413650003900440650001800479650003200497650002600529CBULib20260421170336.0260421b |||||||| |||| 00| 0 eng d a9789982180818 aCBULibbEnglishcCBULiberda aKG 3613 Mbu aMbushi, Henry Bwanga aZambian law of succession : customary, intestate and testate lawc/ by Dr. Henry Bwanga Mbushi, SC bBook Publishers Association of Zambia, c2020aLusaka : axvi, 247 pages : illustrations 2rdacontentaText |btdm 2rdamediaaUnmediated |bn 2rdacarrieraVolumebnc 0aINHERITANCE AND SUCCESSION--ZAMBIA 0aWILLS--ZAMBIA 0aTRUSTS AND TRUSTEES--ZAMBIA 0aCUSTOMARY LAW--ZAMBIA